| 000 | 00759nam a22002417a 4500 | ||
|---|---|---|---|
| 003 | dpl | ||
| 005 | 20180522154054.0 | ||
| 008 | 180522b xxu||||| |||| 00| 0 eng d | ||
| 010 | _aB-209670 | ||
| 020 |
_c00.00 _a8175411430 |
||
| 035 | _aB-209670, B-126160 | ||
| 037 | _bCen Lib/Ret | ||
| 040 |
_aDPL _bEN _c0 |
||
| 082 |
_a808.88 _bRAJ |
||
| 100 |
_aRaju, R.K. _924543 |
||
| 245 |
_aMother Teresa : _cby R.K.Raju _bsaint of the Indian crossroads and other vignettes / |
||
| 260 |
_aDelhi _bShipra Publications _c2003 |
||
| 270 |
_a115-A, VIkas Marg, Shakarpur _bDelhi _e110092 |
||
| 300 |
_a123p. : _c22cm(Hb) _bill. |
||
| 650 |
_aMother Teresa. _930849 |
||
| 650 |
_aMissionaries of charity _929594 |
||
| 942 |
_2ddc _cEN _h808.88 _mRAJ |
||
| 999 |
_c128827 _d128827 |
||